000 01366cam a2200409 4500
999 _c23102
_d23102
001 vtls011913566
005 20220131080242.0
008 210701s2020 xo er 010 f slo
020 _a9788055170244
_q(viazané)
035 _aurn:nbn:sk:snk-am00fg8f
035 _aurn:nbn:sk:snk-am3iskj
035 _aFFF904E8-D10A-4E05-8B0E-554CEB219F7C
040 _aTTKJF
_bslo
_cTTKJF
_dSNK
_erda
041 1 _aslo
_heng
044 _axo
_cSK
072 7 _a821.111(73)-3
_xAmerická próza
_2konspekt
080 _a821.111(73)-31
_22011
080 _a(0:82-312.5)
_22011
100 1 _aMichaels, Corinne
_4aut
_91680
240 1 0 _aWe Own Tonight
_lSlovensky
245 1 0 _aMáme iba dnešok
_cCorinne Michaels ; preložila Andrea Vargovčíková
264 1 _aBratislava
_bIkar, a.s.
_c2020
300 _a334 strán
_c21 cm
336 _atext
_btxt
_2rdacontent
337 _abez média
_bn
_2rdamedia
338 _azväzok
_bnc
_2rdacarrier
500 _aPreložené z angličtiny
500 _aObsahuje stručné biografické údaje o autorovi na zadnej strane obalu publikácie
655 7 _aamerické romány
_2SNKPH
_92
655 7 _aľúbostné romány
_2SNKPH
_913
655 7 _aAmerican novels
_2SNKPHeng
_91670
655 7 _aLove novels
_2SNKPHeng
_91667
700 1 _aVargovčíková, Andrea
_4trl
_91681
958 _aOND
958 _aLX
958 _aUP